00333 a2200109 450000500170000002000220001708200160003910000160005524500600007126000730013130000190020420250716164944.0 a978 9987 9539 4 3 a338.096 MBU aMBURA, K.O. aEntrepreneurship Development and Management in Tanzania aDar es salaambThe National Board of Accountants and Auditors c2013 ax, 184p.c26cm